000 00561cam a2200181 4500500
005 20260329001715.0
041 _afre
042 _adc
100 1 0 _aDuru, Martin
_eauthor
245 0 0 _aL’ornement de la masse : Essai sur la modernité weimarienne
260 _c2008.
500 _a17
690 _aMasse
690 _aModernité
690 _aVille
786 0 _nPhilosophie magazine | 24 | 11 | 2008-11-01 | p. 35-38 | 1951-1787
856 4 1 _uhttps://shs.cairn.info/magazine-philosophie-magazine-2008-11-page-35?lang=fr&redirect-ssocas=7080
999 _c1807866
_d1807866